| 000 | 00448nab a2200145Ia 4500 | ||
|---|---|---|---|
| 003 | ES-SlBCS | ||
| 005 | 20210601125305.0 | ||
| 008 | 140529s2000 xxu||||| |||| 00| 0 eng d | ||
| 041 | _aeng | ||
| 100 | 1 |
_aDoyle, James J. _9156364 |
|
| 245 | 0 | 0 |
_aMoral Rationalism and Moral Commitment _c James J. Doyle |
| 650 | 0 | 4 |
_aRacionalismo Moral _9156365 |
| 773 | 0 |
_tPhilosophy and Phenomenological Research _gvol. 60, 2000, págs. 1-22 _wRev1411 |
|
| 942 | _cAR | ||
| 999 |
_c527903 _d527903 |
||